| 000 | 00544nam a2200205Ia 4500 | ||
|---|---|---|---|
| 008 | 160114s9999 xx 000 0 und d | ||
| 020 | _a0-439568471 | ||
| 050 | _aFic | ||
| 050 | _b.St859w 1993 | ||
| 100 | _aStine, R. L. | ||
| 245 |
_aWelcome to dead house / _cR. L Stine. |
||
| 260 |
_aNew York : _bScholastic, Inc. _c1993 |
||
| 300 |
_a123 pages; _c20 cm. |
||
| 440 | _aGoosebumps. | ||
| 500 | _a"An Apple paperback" | ||
| 650 | _aGhost Stories. | ||
| 650 | _aHaunted houses -- | ||
| 650 | _aHorror Stories. | ||
| 650 | _xFiction. | ||
| 999 |
_c290348 _d290348 |
||